Vulnerabilidad del empleo es mayor para las mujeres que para los hombres
Guardado en:
| Formato: | Texto |
|---|---|
| Materias: | |
| Etiquetas: |
Agregar Etiqueta
Sin Etiquetas, Sea el primero en etiquetar este registro!
|
MARC
| LEADER | 00000 a a2200000 04500 | ||
|---|---|---|---|
| 001 | 10232 | ||
| 003 | |||
| 040 | |||
| 245 | |a Vulnerabilidad del empleo es mayor para las mujeres que para los hombres | ||
| 650 | |a ANALISIS DEL EMPLEO | ||
| 650 | |a MUJERES | ||
| 650 | |a ANALISIS DE GENERO | ||
| 650 | |a POBLACION OCUPADA | ||
| 650 | |a SERVICIOS DE SALUD | ||
| 773 | |g número 17; páginas 1, 6 | ||
| 999 | |c 23681 |d 23681 | ||
